Malawi or Mali - Statistics

General Stats
  • This quiz has been taken 149 times
    138 since last reset
  • The average score is 12 of 13
Answer Stats
Question Answer % Correct
Landlocked Both
100%
Was conquered by UK Malawi
100%
In Southeastern Africa Malawi
100%
Bordering Tanzania Malawi
100%
Bigger in area Mali
100%
Was conquered by France Mali
100%
In West Africa Mali
100%
Bordering Guinea Mali
100%
Bordering DRC None
100%
Zambezi River flows through it None
100%
Its Capital is Bamako Mali
80%
Bigger in population Mali
60%
Is in Comesa Malawi
40%
No matching quizzes found
Score Distribution
Percent of People with Each Score
Percentile by Number Answered
Your Score History
You have not taken this quiz since the last reset